书目信息 |
| 题名: |
21世纪出国英语惯用语分类练习大全
|
|
| 作者: | 唐述宗 编著 | |
| 分册: | ||
| 出版信息: | 杭州 浙江大学出版社 2004.1 |
|
| 页数: | 280页 | |
| 开本: | 26cm | |
| 丛书名: | ||
| 单 册: | ||
| 中图分类: | H313.3 | |
| 科图分类: | ||
| 主题词: | 英语--ying yu--社会习惯语 , 社会习惯语--she hui xi guan yu | |
| 电子资源: | ||
| ISBN: | 7-308-03539-5 | |
| 000 | 01082nam0 2200253 45 | |
| 001 | 012005000794 | |
| 005 | 20061229161504.50 | |
| 010 | @a7-308-03539-5@dCNY20.00 | |
| 100 | @a20051119d2004 em y0chiy0121 ea | |
| 101 | 0 | @achi@aeng |
| 102 | @aCN@b330000 | |
| 105 | @ay z 000yy | |
| 200 | 1 | @a21世纪出国英语惯用语分类练习大全@A21 shi ji chu guo ying yu guan yong yu fen lei lian xi da quan@d= A complete drilling book of classified English idioms for atking TOFEL, GRE, GMAT, BEC, IELTS and WSK in the 21st century@f唐述宗编著@zeng |
| 210 | @a杭州@c浙江大学出版社@d2004.1 | |
| 215 | @a280页@d26cm | |
| 300 | @a新希望英语创意 | |
| 330 | @a本书主要包括: 动词短语、名词短语、介词短语、形容词短语、副词短语、连词短语等内容。 | |
| 510 | 1 | @aA complete drilling book of classified English idioms for atking TOFEL, GRE, GMAT, BEC, IELTS and WSK in the 21st century@zeng |
| 606 | 0 | @a英语@Aying yu@x社会习惯语 |
| 606 | 0 | @a社会习惯语@Ashe hui xi guan yu |
| 690 | @aH313.3@v4 | |
| 701 | 0 | @a唐述宗@Atang shu zong@4编著 |
| 801 | 0 | @aCN@c20061229 |
| 905 | @a10447@dH313.3@eT2503 | |
| 21世纪出国英语惯用语分类练习大全= A complete drilling book of classified English idioms for atking TOFEL, GRE, GMAT, BEC, IELTS and WSK in the 21st century/唐述宗编著.-杭州:浙江大学出版社,2004.1 |
| 280页;26cm |
| 新希望英语创意 |
| ISBN 7-308-03539-5:CNY20.00 |
| 本书主要包括: 动词短语、名词短语、介词短语、形容词短语、副词短语、连词短语等内容。 |
| ● |
| 相关链接 |
|
|
|
正题名:21世纪出国英语惯用语分类练习大全
索取号:H313.3/T2503
 
预约/预借
| 序号 | 登录号 | 条形码 | 馆藏地/架位号 | 状态 | 备注 |
| 1 | 639829 | 206398290 | 社科二线400B/400B社科库 4排2列1层/ [索取号:H313.3/T2503] | 在馆 | |
| 2 | 639830 | 206398307 | 社科二线400B/400B社科库 4排1列4层/ [索取号:H313.3/T2503] | 在馆 | |
| 3 | 639831 | 206398316 | 社科二线400B/400B社科库 4排2列4层/ [索取号:H313.3/T2503] | 在馆 |